000
00318nam a22001337a 4500
008
181102b xxu||||| |||| 00| 0 eng d
020
_a
9780534086947
041
_a
eng
080
_2
3 th
_a
370
100
_a
48
101
_a
EDU
245
_a
Selected Issues Logic And Communication
_c
Trudy.G
942
_2
udc
_c
BK
999
_c
51624
_d
51624